Normal view
MARC view
Entry Personal Name
001 - CONTROL NUMBER
- control field: 19346
003 - CONTROL NUMBER IDENTIFIER
- control field: ARRUPE
005 - DATE AND TIME OF LATEST TRANSACTION
- control field: 20150904152252.0
008 - FIXED-LENGTH DATA ELEMENTS
- fixed length control field: 150904|| aca||aabn | a|a d
040 ## - CATALOGING SOURCE
- Original cataloging agency: ARRUPE
- Transcribing agency: ARRUPE
100 ## - HEADING--PERSONAL NAME
- Personal name: Ginev, Dimitŭr.
670 ## - SOURCE DATA FOUND
- Source citation: Work cat.: (ARRUPE)0: Ginev, Dimitŭr., A passage to the hermeneutic philosophy of science /, 1997.